Loading...
Farm Management Theory And Practice
| Main Author: | |
|---|---|
| Format: | Printed Book |
| Published: |
New Delhi
Concept Publishing Company
2010
|
| Subjects: |
| LEADER | 00527nam a22001457a 4500 | ||
|---|---|---|---|
| 020 | |a 978-81-8069-710-4 | ||
| 082 | |a 338.1 NAI/FA | ||
| 100 | |a Reji D Nair | ||
| 245 | |a Farm Management |b Theory And Practice | ||
| 260 | |a New Delhi |b Concept Publishing Company |c 2010 | ||
| 300 | |a 199 | ||
| 650 | |a introduction |a theory of farm management |a farm services ector | ||
| 942 | |c BK | ||
| 999 | |c 168725 |d 168725 | ||
| 952 | |0 0 |1 0 |4 0 |6 338_100000000000000_NAI_FA |7 0 |9 173523 |a KAUCOAP |b KAUCOAP |d 2016-02-22 |o 338.1 NAI/FA |p KAU_COAP08322 |r 2016-02-22 |w 2016-02-22 |y BK | ||